Music Quiz

Random Music or Clickable Quiz

Thai song quiz Stats

 Plays Quiz not verified by Sporcle

Challenge
Share
Tweet
Embed
Score 0/10 Timer 02:00
0 Plays Today
% Correct
กำลัง
95.8%
น่ารัก
94.6%
ทะเบียน
94.2%
ฝาก
93.9%
ได้
92.3%
จำนน
92.3%
จะ
90.1%
บอก
83.7%
แค่
75%
ทำ
68.3%

You're not logged in!

Compare scores with friends on all Sporcle quizzes.
Join for Free
OR
Log In

You Might Also Like...

Show Comments

Extras

Created Feb 24, 2014ReportNominate
Tags:Clickable Quiz, Song Quiz, thai

Top Quizzes Today


Score Distribution

Your Account Isn't Verified!

In order to create a playlist on Sporcle, you need to verify the email address you used during registration. Go to your Sporcle Settings to finish the process.

Report this User

Report this user for behavior that violates our Community Guidelines.

Details: